doubting Thomas / Ivonne Patterson, il. : Gordon Willman (Registro nro. 48017)
[ vista simple ]
| 000 -LÍDER | |
|---|---|
| Campo fijo de descripción fija | 003970000a22001570004500 |
| 020 ## - NÚMERO INTERNACIONAL NORMALIZADO PARA LIBROS | |
| Número Internacional Normalizado del libro | 0-570-06144-X |
| 082 04 - NÚMERO DE CLASIFICACIÓN DECIMAL DEWEY | |
| Número de clasificación | GI CTH P277d |
| 001 - NÚMERO DE CONTROL | |
| Campo de control | 813 |
| 100 1# - ASIENTO PRINCIPAL--NOMBRE PERSONAL | |
| Nombre personal | Patterson, Ivonne |
| 245 10 - TÍTULO | |
| Título del Material | doubting Thomas / Ivonne Patterson, il. : Gordon Willman |
| 260 ## - PUBLICACIÓN, DISTRIBUCIÓN, ETC. (PIE DE IMPRENTA) | |
| Lugar de publicación, distribución, etc. | Missouri : Concordia Publishing |
| 300 ## - DESCRIPCIÓN FÍSICA | |
| Extensión | 31 P. |
| 650 14 - ASIENTO SECUNDARIO DE MATERIA - TERMINO TEMÁTICO | |
| Término temático o nombre geográfico como elemento de entrada | Literatura Infantil |
| 942 ## - TIPO DE MATERIAL (KOHA) | |
| Tipo de Item KOHA | Z- Libro General BINCO |
| Estado de Material | Estado de Perdido | Volumen-Parte/Tomo | Estado de Dañado | No para Préstamo | Tomo | Biblioteca de Origen | Biblioteca Permanente | Fecha de Adquisición | Total de Préstamos | Signatura Topográfica | Código de Barras | Última vez visto | Ejemplar/Existencia | Fecha de Remplazo | Tipo de Material |
|---|---|---|---|---|---|---|---|---|---|---|---|---|---|---|---|
| Biblioteca Infantil Comunitaria BINCO | Biblioteca Infantil Comunitaria BINCO | 17/04/2006 | GI CTH P277d | B30500 | 24/11/2016 | 1 | 26/01/2016 | Z- Libro General BINCO |
